¡Qué poca mad...era la de José Santos Valdés! /

Đã lưu trong:
Chi tiết về thư mục
Tác giả chính: Godines, Prudencio, hijo (autor)
Định dạng: Sách
Ngôn ngữ:Tiếng Tây Ban Nha
Được phát hành: México : editorial no identificada, 1969, c1969
Phiên bản:3a edición
Những chủ đề:
Các nhãn: Thêm thẻ
Không có thẻ, Là người đầu tiên thẻ bản ghi này!

MARC

LEADER 00000nam^a2200000^a^4500
001 000284970
005 20250521000000.0
009 20260310111724.176
037 |a Acervo Xavier Clavigero 
041 |a ESP 
082 |a 320. 972160635  |b GOD 
100 |a Godines, Prudencio,  |c hijo  |e (autor) 
245 1 0 |a ¡Qué poca mad...era la de José Santos Valdés! /  |c P. Godines. 
250 |a 3a edición 
264 4 |a México :  |b editorial no identificada,  |c 1969, c1969 
300 |a 166 p., [4 láminas] 
336 |a texto  |b txt  |2 rdacontenido 
337 |a sin mediación  |b n  |2 rdamedio 
338 |a volumen  |b nc  |2 rdasoporte 
649 |a XX 
650 |a Activistas Sociales Mexicanos -  |x Memorias 
650 |a Izquierda, La -  |x Tema Principal 
650 |a Cuarteles Militares -  |z Madera, Chihuahua 
650 |a Cuarteles Militares -  |z México 
650 |a Violencia Política -  |z Madera, Chihuahua -  |x Historia 
650 |a Violencia Política -  |z México -  |x Historia 
650 |a Madera, Chihuahua -  |x Condiciones Políticas 
650 |a Política -  |z Madera, Chihuahua -  |x Historia -  |y 1964-1970 
650 |a Política -  |z Madera, Chihuahua -  |x Historia -  |y Siglo XX 
650 |a México -  |x Condiciones Políticas 
650 |a Política -  |z México -  |x Historia -  |y 1964-1970 
650 |a Política -  |z México -  |x Historia -  |y Siglo XX 
650 |a Cuba -  |x Condiciones Políticas 
650 |a Política -  |z Cuba -  |x Historia -  |y 1953-1959 
650 |a Política -  |z Cuba -  |x Historia -  |y 1959-1990 
650 |a Política -  |z Cuba -  |x Historia -  |y 1959-2006 
650 |a Política Comparada 
650 |a Godines, Prudencio -  |x Tema Principal 
650 |a Valdés García, Santos José -  |x Tema Principal 
910 |a Fondo General 
920 |a Impresos - Libros 
930 |a Colección General 
905 |a 101 
901 |a 068031  |b IT1  |c ACC  |u 20250521 
902 |a https://opac.biblio.iteso.mx/vufind/Record/000284970